000 00616 a2200181 4500
020 _a9698133216
035 _a(DLC) 98930982
040 _aDLC
082 _a025.04095491
100 1 _aMahmood, Khalid,
245 1 0 _aInformation technology in libraries : a Pakistani perspective
_cKhalid Mahmood ; introduction by Anis Khurshid.
260 _aLahore :
_bPak Book Corporation,
_c1998.
300 _aiv, 256 p. ;
_c24 cm.
520 _aResearch articles published during 1993-97.
650 0 _aLibraries
_zPakistan
_xAutomation.
650 0 _aInformation technology
_zPakistan.
942 _cBK
_k025.04095491 KHA
_2ddc
999 _c6955
_d6955